000 00665nam a2200253 i 4500
001 C2-0279946
003 PPAK
005 20180728011030.0
008 070531s2002 my |||| ||||| | may d
020 _a9832373417
040 _aPPAK
_beng
_cPPAK
_erda
082 0 4 _a620
_223
090 0 0 _a620
_bBUJ
_dG
100 0 _aBujang K. Huat,
_eauthor
245 1 0 _aKejuruteraan asas
264 1 _aSerdang, Selangor :
_bPenerbit Universiti Putra Malaysia ,
_c2002
300 _a230 pages ;
_c25 cm
336 _2rdacontent
_atext
337 _2rdamedia
_aunmediated
338 _2rdacarrier
_avolume
650 1 0 _aEngineering.
700 _eauthor
942 _ddc
_cB
999 _c86539
_d86539